Normal view MARC view
  • Wark, Kenneth,

Entry Personal Name

Number of records used in: 4

001 - CONTROL NUMBER

  • control field: 7029

003 - CONTROL NUMBER IDENTIFIER

  • control field: NUST

005 - DATE AND TIME OF LATEST TRANSACTION

  • control field: 20171207120445.0

008 - FIXED-LENGTH DATA ELEMENTS

  • fixed length control field: 171207|| aca||aabn | a|a d

040 ## - CATALOGING SOURCE

  • Original cataloging agency: NUST
  • Transcribing agency: NUST

100 ## - HEADING--PERSONAL NAME

  • Personal name: Wark, Kenneth,
  • Dates associated with a name: 1927-

670 ## - SOURCE DATA FOUND

  • Source citation: Work cat.: (NUST)0: Wark, Kenneth, 1927-, Air pollution, its origin and control /, c1976.
© 2023 Central Library, National University of Sciences and Technology. All Rights Reserved.